THE ONE MINUTE NEGOTIATOR (Record no. 2074)

000 -LEADER
fixed length control field nam a22 a 4500
005 - DATE AND TIME OF LATEST TRANSACTION
control field 20170522121548.0
008 - FIXED-LENGTH DATA ELEMENTS--GENERAL INFORMATION
fixed length control field 170515b2010 xxu||||| |||| 00| 0 eng d
020 ## - INTERNATIONAL STANDARD BOOK NUMBER
International Standard Book Number 9781605095868
040 ## - CATALOGING SOURCE
Original cataloging agency AKMAL
082 ## - DEWEY DECIMAL CLASSIFICATION NUMBER
Classification number 658.4052 HUT
090 ## - LOCALLY ASSIGNED LC-TYPE CALL NUMBER (OCLC); LOCAL CALL NUMBER (RLIN)
Classification number (OCLC) (R) ; Classification number, CALL (RLIN) (NR) 658.4052
Local cutter number (OCLC) ; Book number/undivided call number, CALL (RLIN) HUT
245 ## - TITLE STATEMENT
Title THE ONE MINUTE NEGOTIATOR
Remainder of title SIMPLE STEPS TO REACH BETTER AGREEMENTS
Statement of responsibility, etc. DON HUTSON and GEORGE LUCAS
260 ## - PUBLICATION, DISTRIBUTION, ETC.
Place of publication, distribution, etc. UNITED STATES OF AMERICA
Date of publication, distribution, etc. 2010
300 ## - PHYSICAL DESCRIPTION
Extent 140pg,;
Dimensions 20 cm
942 ## - ADDED ENTRY ELEMENTS (KOHA)
Source of classification or shelving scheme
Koha item type Book
Holdings
Withdrawn status Lost status Source of classification or shelving scheme Damaged status Not for loan Collection code Home library Current library Shelving location Date acquired Inventory number Total Checkouts Full call number Barcode Date last seen Price effective from Koha item type Date last checked out
          NON-FICTION AKMAL Melaka AKMAL Melaka PINJAMAN 15.05.2017 306862   358.4052 HUT 201706285 15.05.2017 15.05.2017 Book  
          NON-FICTION AKMAL Melaka AKMAL Melaka PINJAMAN 15.05.2017 602541 1 658.4052 HUT 201704341 16.08.2019 15.05.2017 Book 02.08.2019
Pusat Sumber Maklumat Dato' Haji Sarmin Md Hussin, Akademi Kastam Diraja Malaysia, Melaka
Tel: 06-2331106 | Faks: 06-2313787